Mr. Churchill's profession : (Record no. 670)

000 -LEADER
fixed length control field 01678nam a22003977a 4500
001 - CONTROL NUMBER
control field 17018731
003 - CONTROL NUMBER IDENTIFIER
control field OSt
005 - DATE AND TIME OF LATEST TRANSACTION
control field 20210421064734.0
008 - FIXED-LENGTH DATA ELEMENTS--GENERAL INFORMATION
fixed length control field 111024s2012 nyua b 001 0beng
010 ## - LIBRARY OF CONGRESS CONTROL NUMBER
LC control number 2011044274
020 ## - INTERNATIONAL STANDARD BOOK NUMBER
International Standard Book Number 9781608193721 (alk. paper)
020 ## - INTERNATIONAL STANDARD BOOK NUMBER
International Standard Book Number 1608193721 (alk. paper)
040 ## - CATALOGING SOURCE
Original cataloging agency eng
Transcribing agency DLC
Modifying agency eng
Language of cataloging eng
041 ## - LANGUAGE CODE
Language code of text/sound track or separate title eng
042 ## - AUTHENTICATION CODE
Authentication code pcc
043 ## - GEOGRAPHIC AREA CODE
Geographic area code e-uk---
050 00 - LIBRARY OF CONGRESS CALL NUMBER
Classification number DA566.9.C5
Item number C548 2012
080 ## - UNIVERSAL DECIMAL CLASSIFICATION NUMBER
Universal Decimal Classification number 92
Item number C-59
082 00 - DEWEY DECIMAL CLASSIFICATION NUMBER
Classification number 941.084092
-- B
Edition number 23
100 1# - MAIN ENTRY--PERSONAL NAME
Personal name Clarke, P. F.
245 10 - TITLE STATEMENT
Title Mr. Churchill's profession :
Remainder of title the statesman as author and the book that defined the 'special relationship' /
Statement of responsibility, etc. Peter Clarke.
250 ## - EDITION STATEMENT
Edition statement 1st U.S. ed.
260 ## - PUBLICATION, DISTRIBUTION, ETC.
Place of publication, distribution, etc. New York :
Name of publisher, distributor, etc. Bloomsbury Press,
Date of publication, distribution, etc. 2012.
300 ## - PHYSICAL DESCRIPTION
Extent xix, 347 p. :
Other physical details ill . ;
Dimensions 25 cm.
365 ## - TRADE PRICE
Price amount 30 usd
504 ## - BIBLIOGRAPHY, ETC. NOTE
Bibliography, etc. note Includes bibliographical references (p.318 -331) and index.
505 0# - FORMATTED CONTENTS NOTE
Formatted contents note The two careers of Winston S. Churchill. -- Father's boy: heritage, 1874-97 -- Mother's boy: the author of his fortune, 1898-1921 -- The author of his reputation. -- The English-speaking peoples before Churchill -- Author, two contracts, 1922-32 -- The struggle on two fronts, 1933-38 -- The historian as prophet, 1938-39 -- The author of victory, 1940-45 -- The author as celebrity, 1945-65.
600 10 - SUBJECT ADDED ENTRY--PERSONAL NAME
Personal name Churchill, Winston,
Dates associated with a name 1874-1965
General subdivision Writing skill.
650 #0 - SUBJECT ADDED ENTRY--TOPICAL TERM
Topical term or geographic name entry element Prime ministers
Geographic subdivision Great Britain
Form subdivision Biography.
650 #0 - SUBJECT ADDED ENTRY--TOPICAL TERM
Topical term or geographic name entry element Biography
9 (RLIN) 237
651 #0 - SUBJECT ADDED ENTRY--GEOGRAPHIC NAME
Geographic name Great Britain
General subdivision History
Chronological subdivision 20th century.
653 ## - INDEX TERM--UNCONTROLLED
Uncontrolled term ბიოგრაფია
906 ## - LOCAL DATA ELEMENT F, LDF (RLIN)
a 7
b cbc
c orignew
d 1
e ecip
f 20
g y-gencatlg
942 ## - ADDED ENTRY ELEMENTS (KOHA)
Source of classification or shelving scheme
Koha item type Books
Edition 1
Holdings
Withdrawn status Lost status Source of classification or shelving scheme Damaged status Not for loan Permanent location Current location Date acquired Inventory number Total Checkouts Full call number Barcode Date last seen Price effective from Koha item type
          Ken Walker International University Ken Walker International University 12/16/2020 422   92 C-59 422 12/16/2020 12/16/2020 Books

Powered by Koha